=LDR 00000nam 2200000 4500 =001 INLIS000000000038871 =005 20130612144529 =008 ***********************************ind** =035 ##$$0010-061300000038871 =041 ##$$a ind =082 ##$$a 813 =090 ##$$a 813, Asm k =100 ##$$a ASMARA, Sekar Ayu =245 ##$$a Kembar empat/Sekar ayu asmara;Editor,Atmanani =260 ##$$a 2010 $b Jakarta =300 ##$$a 271 Hlm, 20 Cm =650 ##$$a FIKSI =700 ##$$a ATMANANI =850 ##$$a NBPNMAT